Movies by Last Name IV Quiz Stats

 Plays Quiz Updated Oct 2, 2018

Score 0/25 Timer 05:00
3 Plays Today
% Correct
Charlie and the Chocolate Factory
95.9%
Cars
83.8%
Star Trek
80.7%
X-Men
78.8%
American Pie
76.7%
National Lampoon's Vacation
73.5%
Harry Potter and the Order of Phoenix
72.3%
Wall Street
68.6%
Star Wars: Episode VI – Return of the Jedi
66.7%
Twilight
66.6%
Captain America: The First Avenger
65.7%
Legally Blonde
57.9%
Zootopia
56.4%
% Correct
Fast Times at Ridgemont High
55.3%
The Chronicles of Narnia: The Lion, the Witch and the Wardrobe
54.9%
Dead Poets Society
53.2%
The Breakfast Club
51.3%
Transformers
49.7%
Point Break
49.4%
Tombstone
48.8%
The Devil Wears Prada
46.7%
Great Balls of Fire!
42.7%
Ferris Bueller's Day Off
42.6%
Avatar
39.3%
The Graduate
39%

You're not logged in!

Compare scores with friends on all Sporcle quizzes.
OR
Log In

Sporcle TV

Today on Sporcle TV


Watch our educational content, quiz creation guides, and fun videos on Sporcle TV.

Show Comments

Extras

Top Quizzes Today


Score Distribution

Your Account Isn't Verified!

In order to create a playlist on Sporcle, you need to verify the email address you used during registration. Go to your Sporcle Settings to finish the process.

Report this User

Report this user for behavior that violates our Community Guidelines.

Details: